Statistics for NBA HOUSTON ROCKETS Roster 2016-17

Click here to take the quiz!

General Stats

  • This quiz has been taken 173 times
  • The average score is 7 of 15

Answer Stats

NumberPositionAnswer% Correct
13SGJames Harden
100%
15CClint Capela
89%
10SGEric Gordon
79%
2PGPatrick Beverley
72%
1SFTrevor Ariza
71%
3PFRyan Anderson
66%
42CNene Hilario
61%
5PFMontrezl Harrell
37%
7SFSam Dekker
37%
33SFCorey Brewer
28%
32SGK.J. McDaniels
21%
8PGBobby Brown
20%
21CChinanu Onuaku
16%
6PGTyler Ennis
15%
30FKyle Wiltjer
13%

Score Distribution

Percentile by Number Answered

Percent of People with Each Score

Your Score History

You have not taken this quiz